| 000 | 00395nam a2200145Ia 4500 | ||
|---|---|---|---|
| 008 | 240624s9999 xx 000 0 und d | ||
| 041 | _aeng | ||
| 082 | _a658.421 ZIM | ||
| 100 | _aZIMMERER THOMAS W | ||
| 245 | _aESSENTIALS OF ENTREPRENEURSHIP AND SMALL | ||
| 250 | _a(5th ed.) | ||
| 260 |
_c2009 _aNew Delhi _bPrentice-Hall of India |
||
| 300 | _axvi, : 728 : p. : cm. ; 28 | ||
| 365 |
_cRS _b30 |
||
| 999 |
_c15159 _d15159 |
||